Vykonávanie činnosti športovcov od roku 2016 (daňové a odvodové aspekty)

Ako sa spravujú vzťahy medzi športovcami a športovými klubmi podľa nového zákona o športe (č. 440/2015 Z.z.) z daňového a odvodového aspektu. Kedy sa vykonávanie športovej činnosti považuje za samostatnú zárobkovú činnosť a kedy za závislú činnosť.

Saved in:
Bibliographic Details
Main Author: Benko, Ján
Format: Book Chapter
Language:Slovak
Subjects:
Tags: Add Tag
No Tags, Be the first to tag this record!

MARC

LEADER 00000nla a2200000 4500
001 0220754
005 20240502073626.8
041 0 |a slo 
044 |a SK 
245 1 0 |a Vykonávanie činnosti športovcov od roku 2016 (daňové a odvodové aspekty)  |c Ján Benko 
520 |a Ako sa spravujú vzťahy medzi športovcami a športovými klubmi podľa nového zákona o športe (č. 440/2015 Z.z.) z daňového a odvodového aspektu. Kedy sa vykonávanie športovej činnosti považuje za samostatnú zárobkovú činnosť a kedy za závislú činnosť. 
610 2 0 |a šport 
610 2 0 |a dane z príjmov 
610 2 0 |a úpravy právne 
100 1 |a Benko, Ján